000 00731cam a2200265 a 4500
001 12334218
005 20180226044039.0
008 010216s2000 si a 000 0 eng
010 _a 2001307012
020 _a007118628X
035 _a(DLC) 2001307012
037 _bLibrary of Congress -- Jakarta Overseas Office
_cS[dollar]19.95
040 _aDLC
_cDLC
041 _aeng
042 _alcode
043 _aa-si---
080 _a004 TEO
082 _a004 TEO
100 _a28
101 _aSHK
245 0 0 _aIssues and challenges in e-commerce :
_cedited by Thompson Teo, Wong Poh Kam, Vivien Lim.
906 _a7
_bcbc
_corigode
_d3
_encip
_f20
_gy-gencatlg
942 _2ddc
_cBK
999 _c43429
_d43429